Shaped for the future (Record no. 113339)

MARC details
000 -LEADER
fixed length control field 00797cad a22001935a 4500
001 - CONTROL NUMBER
control field L155139
008 - FIXED-LENGTH DATA ELEMENTS--GENERAL INFORMATION
fixed length control field 120306s2012 xxk 000 0 eng d
035 ## - SYSTEM CONTROL NUMBER
System control number (Sirsi) u155139
041 0# - LANGUAGE CODE
Language code of text/sound track or separate title eng
110 2# - MAIN ENTRY--CORPORATE NAME
Corporate name or jurisdiction name as entry element EC Harris
9 (RLIN) 4930
245 00 - TITLE STATEMENT
Title Shaped for the future
Remainder of title reforming the NHS estate
Medium [electronic resource]
260 ## - PUBLICATION, DISTRIBUTION, ETC.
Place of publication, distribution, etc. [S.l.]
Name of publisher, distributor, etc. ECHarris
Date of publication, distribution, etc. 2012
520 ## - SUMMARY, ETC.
Summary, etc. EC Harris' service and estate efficiency review considers how to unlock the potential within the NHS estate and avoid inherent paradoxes in an era of localism to improve health outcomes.
590 ## - LOCAL NOTE (RLIN)
Local note KA NTK
651 #4 - SUBJECT ADDED ENTRY--GEOGRAPHIC NAME
Geographic name United Kingdom
Chronological subdivision
690 ## - LOCAL SUBJECT ADDED ENTRY--TOPICAL TERM (OCLC, RLIN)
Topical term or geographic name as entry element Commercial property
9 (RLIN) 6227
856 40 - ELECTRONIC LOCATION AND ACCESS
Uniform Resource Identifier <a href="https://www.echarris.com/pdf/NHS%20Estate%20Efficiency%20-%20precis.pdf">https://www.echarris.com/pdf/NHS%20Estate%20Efficiency%20-%20precis.pdf</a>
Public note View the item free of charge at www.echarris.com
942 ## - ADDED ENTRY ELEMENTS (KOHA)
Suppress in OPAC 0
Holdings
Withdrawn status Lost status Source of classification or shelving scheme Damaged status Not for loan Home library Current library Shelving location Date acquired Total Checkouts Full call number Barcode Date last seen Copy number Price effective from Koha item type
    Dewey Decimal Classification     Virtual Virtual Online 06/03/2012   ONLINE PUBLICATION 155139-2001 06/08/2019 1 06/08/2019 Book